| 000 | 00875nas a2200301 4500 | ||
|---|---|---|---|
| 001 | BR0300241 | ||
| 003 | BR-BrBNA | ||
| 005 | 20231205103456.0 | ||
| 007 | ta | ||
| 008 | 230509b bl.|||p| |||| 00| 00por d | ||
| 040 |
_aBR-BrBNA _bpor _cBiblioteca Nacional de Agricultura |
||
| 041 | _a(Pt) | ||
| 072 | _aF01 | ||
| 100 | 1 | _aEvangelista, A.R. | |
| 100 | 1 | _aReis, R.S. | |
| 100 | 1 | _aBotrel, E.P. | |
| 100 | 1 | _aBernardes, T.F. | |
| 245 | 1 | _aAvaliação de quatro cultivares de alfafa em dois métodos de semeadura | |
| 650 | _aALFAFA | ||
| 650 | _aVARIEDADE | ||
| 650 | _aPRODUÇÃO VEGETAL | ||
| 650 | _aMATÉRIA SECA | ||
| 650 | _aPROTEÍNA BRUTA | ||
| 650 | _aSEMEADURA | ||
| 773 | 0 |
_tCiência e Agrotecnologia (Brazil) _xISSN 1413-7054 _g(Jul-Ago 2001), v. 25(3) p. 650-653 _wBR0300241 |
|
| 909 |
_a202311 _bLúcia _c55 _dLúcia Elande |
||
| 942 |
_2AGRIS _n0 _cANA |
||
| 999 |
_c173065 _d173065 |
||